[Event "EICC 2019"]
[Site "Skopia"]
[Date "2019.03.26"]
[Round "8.39"]
[White "Fridman, Daniel"]
[Black "Shevchenko, Kirill"]
[Result "1-0"]
[WhiteElo "2633"]
[BlackElo "2535"]
[Annotator "TA"]
[PlyCount "101"]
[EventDate "2019.03.18"]
[EventType "swiss"]
[EventCountry "MKD"]
[SourceTitle "playchess.com"]
[Source "ChessBase"]
[SourceQuality "1"]

{[%evp 16,101,21,10,33,27,25,20,29,21,22,25,30,27,26,25,31,22,58,20,26,29,45,20,27,23,16,15,21,20,89,89,89,88,83,79,89,82,100,56,122,100,133,113,171,177,191,211,286,285,455,449,457,442,453,448,454,456,430,435,429,430,420,427,416,415,551,554,624,595,574,539,1646,761,1658,1641,1603,1568,1404,1825,1720,1632,1577,1551,5106,4133,29988,29989]} 1. d4 Nf6 2. Nf3 e6 3. c4 b6 4. g3 Bb7 5. Bg2 Be7 6. O-O O-O 7. Nc3 Ne4 8. Bd2 Bf6 9. Re1 {LiveBook: 10 Games. E18: Queen's Indian: Old Main Line (4 g3 Bb7 5 Bg2 Be7 6 0-0 0-0 7 Nc3)} (9. Be1 Nxc3 10. Bxc3 Be4 11. Rc1 d6 12. Qa4 Qe8 13. Qxe8 Rxe8 14. Rfd1 Nd7 15. Ne1 Bxg2 16. Kxg2 g6 {1-0 (40) Yilmaz,M (2636)-Oparin,G (2613) St Petersburg 2018}) 9... Nxc3 10. Bxc3 Be4 11. Qa4 $146 {White has an edge.} ({Predecessor:} 11. Bf1 d5 12. Nd2 Bg6 13. Bg2 c6 14. e4 dxe4 15. Nxe4 Be7 16. h4 h6 17. h5 Bh7 {1-0 (36) Sopur,L (2404)-Butyrowski,M (1776) Trzcianka 2016}) 11... d5 12. Rad1 Qe8 13. Qxe8 Rxe8 14. cxd5 exd5 15. Ne5 Bxg2 16. Kxg2 h5 17. e4 dxe4 18. Rxe4 Nd7 19. Rde1 Bxe5 20. dxe5 Nc5 21. Rh4 g6 22. g4 Na4 (22... hxg4 $1 $11 23. e6 (23. Rxg4 Rad8 $11) 23... fxe6) 23. gxh5 $16 Nxc3 24. bxc3 {[%mdl 4096] Endgame KRR-KRR} Rad8 25. hxg6 fxg6 26. Rg4 Kg7 27. Re3 Rd5 (27... Rd2 $14) 28. f4 $1 Rd2+ 29. Kg3 $1 {f5 is the strong threat.} Kf7 (29... Rd1 $16 {was worth a try.}) 30. Rh4 $1 $18 Kg7 {[#]} 31. Kg4 $1 Re7 32. a4 Rf7 {[#]} (32... Rd1 {is a better defense.} 33. Reh3 Rg1+ 34. Kf3 Rc1) 33. Reh3 $1 Kf8 34. Rh8+ Ke7 35. R8h7 c6 36. Rxf7+ Kxf7 {KR-KR} 37. Rh7+ Ke6 38. Rg7 Rg2+ 39. Kf3 Rg1 40. h3 Rf1+ 41. Ke3 Rg1 42. Kf2 Rc1 43. Rxg6+ Kf5 44. Rf6+ Ke4 45. e6 Rc2+ 46. Kg3 Rxc3+ 47. Kg4 Kd5 48. f5 Re3 49. Rf8 Re5 50. Rd8+ Ke4 51. Rd1 {Precision: White = 82%, Black = 44%.} 1-0

[Event "EICC 2019"]
[Site "Skopia"]
[Date "2019.03.26"]
[Round "8.40"]
[White "Salgado Lopez, Ivan"]
[Black "Stupak, Kirill"]
[Result "1/2-1/2"]
[WhiteElo "2622"]
[BlackElo "2537"]
[Annotator "TA"]
[PlyCount "33"]
[EventDate "2019.03.18"]
[EventType "swiss"]
[EventCountry "MKD"]
[SourceTitle "playchess.com"]
[Source "ChessBase"]
[SourceQuality "1"]

{[%evp 14,33,21,19,61,66,43,17,17,17,17,7,17,10,34,18,56,25,26,25,37,14]} 1. e4 e6 2. d4 d5 3. Nc3 dxe4 4. Nxe4 Nd7 5. Nf3 Ngf6 6. Nxf6+ Nxf6 7. Bd3 c5 8. Be3 Nd5 {C10: French with 3 Nc3: Unusual Black 3rd moves and 3...dxe4} (8... Qc7 9. Qe2 a6 10. O-O b6 11. c4 cxd4 12. Bxd4 Bb7 13. Ne5 Bc5 14. Bc3 Rd8 15. Rad1 Bd4 16. Bxd4 Rxd4 {½-½ (53) Wei,Y (2739)-Ivanchuk,V (2729) Medias 2017}) 9. O-O Be7 10. Bd2 cxd4 {The position is equal.} 11. Nxd4 Bf6 12. c3 $146 ({Predecessor:} 12. Bb5+ Bd7 13. Bxd7+ Qxd7 14. c3 Bxd4 15. cxd4 O-O 16. Rc1 Rac8 17. Qe2 Qa4 18. a3 Qxd4 {0-1 (19) Theofel,H (1349)-Lynch,J (1840) IECC email 2003}) 12... O-O 13. Nf3 Re8 14. Re1 e5 15. Qc2 {[#] Black must now prevent c4.} g6 16. Rad1 Qc7 17. h3 1/2-1/2

[Event "EICC 2019"]
[Site "Skopia"]
[Date "2019.03.26"]
[Round "8.41"]
[White "Repka, Christopher"]
[Black "Van Foreest, Jorden"]
[Result "1/2-1/2"]
[WhiteElo "2466"]
[BlackElo "2621"]
[Annotator "TA"]
[PlyCount "201"]
[EventDate "2019.03.18"]
[EventType "swiss"]
[EventCountry "MKD"]
[SourceTitle "playchess.com"]
[Source "ChessBase"]
[SourceQuality "1"]

{[%evp 9,201,18,24,10,16,9,8,-7,5,-12,-20,-50,-14,-35,-41,-44,-32,-120,-33,-72,29,30,29,36,52,53,50,42,37,28,91,87,164,12,13,3,10,10,11,0,73,73,74,78,70,72,74,77,69,70,71,62,97,85,128,118,113,125,137,131,122,120,123,125,226,145,139,132,130,137,185,188,191,189,224,226,414,227,237,60,46,47,46,10,10,10,10,10,10,10,28,10,10,10,12,8,8,8,133,8,8,8,8,8,8,8,28,8,8,8,8,8,18,0,8,0,135,127,372,372,365,354,339,347,341,340,341,143,318,298,1029,998,966,928,1956,1953,1939,1933,1740,1198,29958,29966,29957,29955,29960,29963,29963,29949,29961,414,29979,29980,29976,29973,29973,29973,29981,29982,29982,29980,29980,29981,29986,29982,29982,29981,29981,29982,29982,29983,29982,29978,29980,0,0,0,29977,29978,29978,29978,29978,29979,29979,29981,29985,29986,29986,29987,29987,29988,29988,29989,29989,29990]} 1. d4 Nf6 2. c4 g6 3. Nf3 Bg7 4. g3 b6 5. Bg2 Bb7 6. Nc3 {A50: Queen's Fianchetto Defence (1 d4 Nf6 2 c4 b6)} (6. O-O O-O 7. d5 e6 8. Nc3 Re8 9. Nd4 exd5 10. cxd5 Na6 11. Rb1 Nc5 12. Bf4 Nce4 13. Nxe4 Nxe4 14. Nb5 d6 15. Qc2 Bxd5 16. Qxc7 {1-0 (54) So,W (2765)-Mamedyarov,S (2817) Kolkata 2018}) 6... Ne4 7. Nxe4 Bxe4 8. d5 {The position is equal.} O-O 9. O-O c6 10. Bh3 {Black must now prevent Ng5.} cxd5 11. Ng5 Qc7 $146 ({Predecessor:} 11... h6 12. Nxe4 dxe4 13. Bg2 Nc6 14. Bxe4 Rc8 15. Rb1 Qc7 16. b3 Qe5 {1-0 (41) Xiu,D (2556)-Shulman,Y (2542) Ningbo 2013}) 12. cxd5 Bc2 13. d6 (13. Qe1 $15) 13... exd6 ({Better is} 13... Qc4 $1 $17 14. b3 Bxd1 15. bxc4 exd6 16. Rxd1 Bxa1) 14. Qd5 Ba4 ({Black should play} 14... Qc6 $1 $17 {[%cal Rc6d5]} 15. Qd2 Qc4) 15. Bf4 $11 (15. Qxa8 $2 Bc6 $19) 15... Bc6 16. Qd2 (16. Qxd6 Qxd6 17. Bxd6 Re8 $17) 16... Be5 17. Rac1 Qd8 18. Bg2 Qe7 19. Rfd1 Bxf4 (19... Na6 $11) 20. Qxf4 $16 Qxe2 (20... Bxg2 $16 21. Kxg2 Na6) 21. Qxd6 $2 (21. Rxd6 $18 Qxb2 22. Re1) 21... Na6 $1 $11 22. Bf1 Qh5 23. h4 h6 24. Rxc6 hxg5 (24... dxc6 $11 {remains equal.} 25. Ne4 Qf5 26. Nf6+ Kg7) 25. Rc4 $36 {[%mdl 2048] Keeping Black busy.} (25. Qxd7 $2 Nb8 $19) 25... Nc5 26. Rd5 $1 Ne6 27. hxg5 Rac8 ({Not} 27... Nxg5 $2 28. Rh4 $18) 28. Qe5 ({Much worse is} 28. Qxd7 Rcd8 $11) 28... Rxc4 29. Bxc4 Rd8 30. Kg2 Qh8 31. Qe2 Qg7 32. Qd2 Rc8 33. b3 Nc5 34. Qf4 Qf8 35. Rd6 Ne6 36. Qd2 Rc7 (36... b5 $16 37. Bxb5 Nxg5) 37. Rxd7 Rxd7 38. Qxd7 {[%mdl 64] Double Attack} Nxg5 39. f4 Ne4 40. Qxa7 Nd6 41. Bd5 ({Don't do} 41. Qxb6 Qa8+ 42. Kg1 Nxc4 $16) 41... Nf5 42. Qxb6 Kg7 $2 (42... Qg7 {might work better.} 43. Be4 Qb2+ 44. Qf2 Qc3) 43. Be4 (43. g4 $142 Ne7 44. Bf3) 43... Qa3 $18 44. Bxf5 $2 (44. Qf2 $18) 44... Qxa2+ $14 45. Qf2 Qa8+ 46. Kh2 gxf5 $11 {[%mdl 4096] Endgame KQ-KQ} 47. Qb2+ f6 $1 48. b4 {[%cal Bb3b4,Bb4b5][%mdl 32] Hoping for b5.} Qh8+ 49. Kg1 {aiming for b5.} Qb8 50. b5 {Threatening b6.} Qb6+ 51. Kg2 {next Qb1 is good for White.} Qb7+ 52. Kh2 {b6 is the strong threat.} Qb6 53. Qb1 Kg6 (53... Qf2+ $1 $11 {keeps the balance.} 54. Kh3 Kg6) 54. Kh3 (54. Kg2 $16) 54... Qf2 55. Qd1 Qc5 56. Qf1 Qe3 57. Kh2 Qc5 58. Qe2 Qd4 59. Kg2 Qd5+ 60. Kf2 Qd4+ 61. Kf1 Kh6 62. Ke1 Qa1+ (62... Qd5 $11) 63. Kd2 $1 $16 Qa5+ $2 (63... Qb2+ $16 64. Ke3 Qa1) 64. Kc2 $1 $18 {[%cal Rc2b3]} Qa2+ 65. Kd3 Qb3+ 66. Kd4 Qxg3 67. Qe3 Qg2 68. Kc4 Qg8+ $2 (68... Qa2+ $16 {was worth a try.} 69. Qb3 Qa8) 69. Kb4 {Strongly threatening Qh3+.} Qd5 $2 (69... Qf8+ 70. Qc5 Qb8) 70. b6 Kh5 71. Qc1 Kg4 72. Qc4 Qd7 73. Ka5 Qd8 74. Kb5 Qe8+ {[#]} 75. Qc6 $1 Qe2+ 76. Kc5 Qe3+ 77. Kd6 Qxf4+ 78. Ke7 Qb4+ 79. Kf7 (79. Ke8 $142 Qb3 80. b7 Qg8+ 81. Ke7 Qg7+ 82. Kd6 Qf8+ 83. Kd5 Qb8 84. Qc8 Qe5+ 85. Kc6) 79... Qb3+ (79... Kg5 $18 80. b7 Qb3+ 81. Kf8 Qa3+ 82. Ke8 Qe3+ 83. Kd7 Qd3+ 84. Kc7 Qg3+ 85. Qd6 Qb3) 80. Kg7 Qg3 81. b7 Kh5+ 82. Kf8 Kh6 83. Qxf6+ Kh7 84. Qe7+ Kh6 85. Qe6+ Kh7 86. Qxf5+ Kh6 87. Qf6+ Kh7 88. Qf7+ Kh6 89. Qe6+ Kh7 90. Qd7+ Kh6 91. Ke7 $2 (91. Qc6+ {mates} Kh7 92. Qh1+ Kg6 93. Qc6+ Kh7 94. Qh1+ Kg6 95. Qb1+ Kg5 96. Qb5+ Kg6 97. b8=Q Qf3+ 98. Ke7 Qf6+ 99. Kd7 Qf5+ 100. Kc6 Qf3+ 101. Kb6) 91... Qg5+ $11 92. Kd6 {Threatening mate with Qe6+.} Qg3+ $2 {[%mdl 8192]} (92... Qd2+ $11 93. Kc6 Qc3+ 94. Kb6 Qb4+ 95. Qb5 Qd4+ 96. Qc5 Qd8+ 97. Kc6 Qe8+ 98. Kc7 Qf7+ 99. Kb6 Qf4) 93. Kc6 {White mates.} Qc3+ 94. Kb6 Qb4+ {[#]} 95. Qb5 $1 Qd4+ 96. Qc5 Qb2+ 97. Kc6 Qg2+ 98. Qd5 Qc2+ 99. Kd6 Qh2+ 100. Qe5 Qd2+ 101. Ke7 {[%mdl 32768] Accuracy: White = 61%, Black = 38%. . An unexpected result.} 1/2-1/2

[Event "EICC 2019"]
[Site "Skopia"]
[Date "2019.03.26"]
[Round "8.42"]
[White "Indjic, Aleksandar"]
[Black "Demidov, Mikhail"]
[Result "0-1"]
[WhiteElo "2620"]
[BlackElo "2520"]
[Annotator "TA"]
[PlyCount "76"]
[EventDate "2019.03.18"]
[EventType "swiss"]
[EventCountry "MKD"]
[SourceTitle "playchess.com"]
[Source "ChessBase"]
[SourceQuality "1"]

{[%evp 9,76,39,50,45,54,45,52,50,48,44,52,38,35,33,60,50,69,44,66,20,33,12,0,0,0,8,20,0,0,0,0,0,41,0,0,-2,23,-2,0,0,-2,-51,-51,-43,-36,-145,-155,-232,-157,-151,-154,-143,-138,-182,0,0,0,0,0,0,0,-923,-914,-903,-889,-877,-855,-818,-751]} 1. Nf3 g6 2. d4 Bg7 3. e4 d6 4. Bc4 e6 5. O-O a6 (5... Ne7 6. Re1 a6 7. c3 O-O 8. Be3 Nd7 9. Nbd2 h6 10. Nf1 d5 11. exd5 Nb6 12. Bd3 Nbxd5 13. Bd2 Nf5 {½-½ (54) Nihal,S (2572)-Adhiban,B (2668) Douglas 2018}) 6. Bb3 {B06: Modern Defence} Ne7 7. h3 h6 $146 ({Predecessor:} 7... Nd7 8. c3 O-O 9. Be3 Nf6 10. Nbd2 b6 11. Qe2 Bb7 12. Bf4 h6 {½-½ (33) Gutzeit,A (2079)-Johnsen,G (2215) Arvier 2006}) 8. a4 {White is slightly better.} b6 9. Bf4 Bb7 10. Nbd2 Nd7 11. c3 g5 12. Bg3 Ng6 13. Re1 h5 14. d5 e5 $1 15. Nf1 g4 16. hxg4 $1 hxg4 17. N3h2 Nf6 18. Nxg4 Nxg4 19. Qxg4 Bc8 $36 {[%mdl 2048] Black has some pressure.} 20. Qf3 Nh4 21. Qd3 (21. Bxh4 $5 Qxh4 22. g3 $14) 21... Qf6 22. Bd1 Qh6 {( -> ...Nf3+!)} 23. Nh2 f5 (23... Nxg2 $2 24. Kxg2 Bh3+ 25. Kg1 $18) 24. exf5 Nxf5 25. Re4 (25. f4 $5) 25... Nxg3 26. Qxg3 Bf5 27. Bf3 (27. Rg4 $1 $15 Bxg4 28. Bxg4) 27... Bf6 {And now ...Ke7 would win.} 28. Rc4 (28. Rg4 $17 {was called for.}) 28... O-O-O {White must now prevent ...Kb8.} 29. Bg4 Bxg4 30. Rxg4 Bh4 31. Qd3 {[#]} Bxf2+ $2 (31... Rdf8 $1 $19 32. f3 (32. Qxa6+ Kb8 $19) 32... Bg5) 32. Kxf2 $11 Qxh2 33. Qxa6+ Kb8 34. a5 Rdf8+ 35. Ke2 $2 {[%mdl 8192]} (35. Ke3 $11 Rh3+ 36. Ke2) 35... Qh5 $19 {Black is clearly winning.} 36. axb6 Qxg4+ {[%mdl 64] [#] Double Attack} 37. Kd3 Qf5+ 38. Kc4 Qe4+ {[%mdl 64] Double Attack. Accuracy: White = 42%, Black = 74%.} 0-1

[Event "EICC 2019"]
[Site "Skopia"]
[Date "2019.03.26"]
[Round "8.43"]
[White "Bluebaum, Matthias"]
[Black "Zanan, Evgeny"]
[Result "1-0"]
[WhiteElo "2616"]
[BlackElo "2514"]
[Annotator "TA"]
[PlyCount "115"]
[EventDate "2019.03.18"]
[EventType "swiss"]
[EventCountry "MKD"]
[SourceTitle "playchess.com"]
[Source "ChessBase"]
[SourceQuality "1"]

{[%evp 13,115,35,34,22,37,33,25,13,10,14,28,20,53,54,51,54,60,42,47,49,49,47,47,51,48,48,68,68,76,42,69,50,79,39,85,98,96,102,102,116,100,60,100,100,138,136,219,216,320,330,404,387,423,420,382,370,327,263,254,179,185,129,286,178,192,180,184,186,370,227,229,235,254,254,254,254,254,254,493,444,505,401,974,1086,635,437,2815,3749,1719,2539,2379,1947,1641,0,0,0,1509,1448,29978,29979,29979,29980,29978,29964]} 1. d4 Nf6 2. c4 g6 3. Nc3 Bg7 4. e4 d6 5. Be2 O-O 6. Be3 c5 7. d5 e6 8. Nf3 {E73: King's Indian: Averbakh Variation without 6...c5} exd5 9. cxd5 Bg4 (9... Re8 10. Nd2 c4 11. O-O Na6 12. Bf3 b6 13. Re1 Nc5 14. Bxc5 bxc5 15. e5 Rxe5 16. Rxe5 dxe5 17. Nxc4 {½-½ (23) Howell,D (2687)-Jones,G (2670) Hull 2018}) 10. Nd2 {White has an edge.} Bxe2 11. Qxe2 Re8 12. f3 Na6 $146 ({Predecessor:} 12... Nbd7 13. a4 Qb6 14. Nc4 Qa6 15. Nb5 Ne5 16. Nbxd6 Nxc4 17. Nxc4 Nxd5 18. exd5 {½-½ (61) Buhmann,R (2584)-Fedorov,A (2573) Katowice 2017}) 13. Nc4 Nc7 14. a4 Qe7 15. O-O Nd7 16. Bf4 Ne5 17. Bxe5 Bxe5 18. Nxe5 Qxe5 19. f4 Qe7 20. Rae1 f6 21. Qc4 Qg7 22. b4 b6 23. Rf2 Re7 24. bxc5 bxc5 25. Rb2 g5 26. f5 Rd7 27. Nd1 Re8 28. Nf2 Na8 29. a5 Rb7 (29... Nc7 $16 30. Reb1 a6) 30. Reb1 $1 $18 Rxb2 (30... Reb8 {is a better defense.} 31. Qc3 Rxb2 32. Rxb2 Rd8) 31. Rxb2 Qc7 32. Qa6 Rb8 33. Rxb8+ Qxb8 {[#]} 34. h4 $1 {[%mdl 512]} gxh4 35. Qc6 Qd8 {intending ...Nc7.} 36. Qb7 c4 37. Qc6 (37. Qxa7 $18 c3 38. Nd3) 37... Kg7 $2 (37... Nc7 $16 {keeps fighting.}) 38. Kh2 (38. Qxc4 Qxa5 39. Qc1 Qc5 $11) 38... Qe7 39. Kh3 $1 $36 {[%mdl 2048] White is really pushing.} ({Stronger than} 39. Qxa8 Qe5+ 40. Kh1 Qa1+ 41. Kh2 Qe5+ 42. Kh1 Qa1+ 43. Kh2 Qe5+ $11) 39... Nc7 40. Qxc4 a6 $2 (40... Kg8 41. Kxh4 Ne8) 41. Qc1 Ne8 42. Kxh4 Qe5 43. Kg4 Qd4 44. Kf3 Qb4 45. Qc6 Qb3+ $2 (45... Kf8 46. Qxa6 Qa3+ 47. Nd3 Nc7) 46. Kf4 Qb2 47. Kg3 (47. Qxe8 Qxf2+ 48. Kg4 Qxg2+ 49. Kf4 Qd2+ 50. Kf3 Qd3+ 51. Kg4 Qd1+ 52. Kh4 Qe1+ 53. Kg4 Qd1+ 54. Kg3 Qd3+ 55. Kh4 Qe2 $11) 47... Qe2 (47... Qb5 $142 48. Qxb5 axb5) 48. Qxe8 Qe3+ 49. Kh2 {Qe7+ would kill now.} Qf4+ {[#]} (49... Qxf2 $142 50. Qe7+ Kh6 51. Qxf6+ Kh5 52. Qf7+ Kh6) 50. Kh3 $1 Qe3+ 51. g3 {White threatens Qe7+ and mate.} Qxf2 {[%mdl 4096] Endgame KQ-KQ} 52. Qe7+ Kg8 53. Qe8+ $2 (53. Qxf6 $18 Qf3 54. Qe6+ (54. Qxd6 Qh5+ 55. Kg2 Qe2+ 56. Kh3 Qh5+ 57. Kg2 Qe2+ {[%mdl 64] Double Attack} 58. Kg1 Qe1+ {[%mdl 64] Double Attack} 59. Kh2 Qe2+ 60. Kg1 Qe1+ {[%mdl 64] Double Attack} 61. Kh2 Qe2+ 62. Kg1 $11) 54... Kg7 55. Qe7+ (55. Qxd6 Qh5+ 56. Kg2 Qe2+ 57. Kg1 Qe1+ 58. Kh2 Qe2+ 59. Kh3 Qh5+ 60. Kg2 Qe2+ 61. Kg1 Qe1+ 62. Kh2 Qe2+ 63. Kh3 Qh5+ $11) 55... Kg8 56. Kh4) 53... Kg7 $11 54. Qe7+ $2 {[%mdl 8192]} (54. g4 $11 Qf3+ 55. Kh4 Qf2+ 56. Kh3 Qf3+ 57. Kh2) 54... Kg8 $18 55. Qxf6 Qf1+ 56. Kh4 {White mates.} Qh1+ 57. Kg5 Qc1+ {[#]} 58. Kh5 $1 {Accuracy: White = 74%, Black = 33%.} 1-0

[Event "EICC 2019"]
[Site "Skopia"]
[Date "2019.03.26"]
[Round "8.44"]
[White "Svane, Rasmus"]
[Black "Dragnev, Valentin"]
[Result "0-1"]
[WhiteElo "2610"]
[BlackElo "2511"]
[Annotator "TA"]
[PlyCount "134"]
[EventDate "2019.03.18"]
[EventType "swiss"]
[EventCountry "MKD"]
[SourceTitle "playchess.com"]
[Source "ChessBase"]
[SourceQuality "1"]

{[%evp 25,134,58,56,54,56,54,41,21,17,0,39,0,20,-14,-11,-21,0,0,0,0,0,0,0,0,0,0,0,0,0,-8,-10,-9,-8,-18,-11,-11,-5,-8,0,-2,0,-1,-4,-11,-12,-23,-23,-23,-23,-38,-44,-50,-36,-85,-85,-81,-44,-48,-48,-150,-145,-181,-162,-169,-176,-303,-269,-262,-74,-96,-74,-309,-269,-542,-516,-491,-642,-797,0,-163,0,-783,-710,-972,-939,-935,-945,-905,-856,-631,-581,-1984,-1911,-5107,-4860,-29971,-29972,-29976,-29977,-29977,-29978,-29977,-29978,-29978,-29979,-29981,-29982,-29983,-29984,-29984,-29985]} 1. Nf3 Nf6 2. g3 d5 3. Bg2 c5 4. O-O Nc6 5. d4 cxd4 6. Nxd4 e5 7. Nxc6 bxc6 8. c4 Be6 9. Qa4 {D02: 1 d4 d5 2 Nf3 sidelines, including 2...Nf6 3 g3 and 2...Nf6 3 Bf4} Qd7 10. Nc3 Rc8 11. cxd5 (11. Bg5 d4 12. Rad1 Be7 13. Bxf6 Bxf6 14. c5 O-O 15. e3 Bf5 16. exd4 exd4 {1-0 (46) Duda,J (2738)-Tregubov,P (2592) chess.com INT 2019}) 11... cxd5 12. Qxd7+ Kxd7 13. Rd1 Bc5 {LiveBook: 20 Games} 14. Na4 Be7 15. Bg5 Ng8 16. Bd2 $146 ({Predecessor:} 16. Be3 d4 {½-½ (30) Ananikian,A (2224)-Tsygankov,E (2400) ICCF email 2013}) 16... Nf6 17. Bg5 Ng8 $1 18. Bd2 Nf6 19. Be1 Rc2 20. Nc3 {[%cal Rc3d5]} Rxb2 21. Nxd5 Nxd5 22. Bxd5 {Hoping for Bc3.} Bd6 23. Rac1 Bxd5 24. Rxd5 Ke6 25. e4 Rb6 26. Bd2 Ra6 27. Ra5 Rxa5 28. Bxa5 $11 {[%mdl 4096] Endgame KRB-KRB} Rb8 29. Rc6 Kd7 30. Rc2 Rb5 31. Bd2 Bc5 32. Kf1 Bd4 33. Ke2 h5 34. h4 g6 35. Be3 Bxe3 36. Kxe3 {KR-KR} Ra5 37. Kd3 Ra4 38. Re2 Kc6 39. Kc3 Kc5 40. Kb3 Rb4+ 41. Kc3 Rc4+ 42. Kb3 (42. Kd3 $15) 42... a5 $17 43. Re3 Kd4 44. Rf3 Rc7 ({Reject} 44... Kxe4 $6 45. Rxf7 Rb4+ 46. Kc2 $11) 45. Ka4 (45. Re3 $142) 45... Kxe4 $19 46. Rf6 {[#]} Ra7 $2 (46... Rc3 $1 $19 {Threatens to win with ...Rf3.} 47. Kxa5 Rf3) 47. Kb5 $17 a4 48. a3 $2 (48. f4 $17) 48... Kd5 49. f3 $2 (49. Kb4 {was called for.}) 49... Kd4 $19 50. Kb6 Re7 51. Kb5 Ra7 $2 (51... Ke3 {White must now prevent ...Kf2.} 52. Kc5 Kf2) 52. Kb6 $1 {[%cal Rb6a7]} Re7 $2 (52... Rd7 53. Kb5 Ke3 54. Kxa4 Kf2) 53. Kb5 Ke3 54. Kxa4 Kf2 55. g4 Kg3 56. gxh5 gxh5 57. Kb3 Kxh4 58. Kc3 Kg3 59. Kd3 h4 {[%cal Bh5h4,Bh4h3,Bh3h2][%mdl 32]} 60. Ke4 h3 {Black mates.} 61. Rh6 h2 62. Rh8 Ra7 63. Rg8+ {[#]} Kf2 $1 64. Rh8 Ra4+ 65. Kxe5 Kg3 66. f4 Rxf4 67. Rxh2 f6+ {Precision: White = 32%, Black = 76%.} 0-1

[Event "EICC 2019"]
[Site "Skopia"]
[Date "2019.03.26"]
[Round "8.45"]
[White "Zhigalko, Sergei"]
[Black "Golubka, Petro"]
[Result "1/2-1/2"]
[WhiteElo "2604"]
[BlackElo "2468"]
[Annotator "TA"]
[PlyCount "86"]
[EventDate "2019.03.18"]
[EventType "swiss"]
[EventCountry "MKD"]
[SourceTitle "playchess.com"]
[Source "ChessBase"]
[SourceQuality "1"]

{[%evp 18,86,13,19,20,7,20,26,9,17,81,64,64,56,66,52,63,60,37,-4,115,115,125,115,129,125,128,119,307,305,333,331,340,325,309,324,318,306,379,396,345,378,345,303,1004,770,983,950,881,860,1933,1693,29972,29973,29971,29970,5306,0,0,0,0,0,0,0,0,0,0,0,0,0,0]} 1. e4 e5 2. Nf3 Nc6 3. Bb5 a6 4. Ba4 Nf6 5. O-O b5 6. Bb3 Be7 7. d4 d6 8. c3 Bg4 9. Be3 O-O 10. h3 Bh5 {C84: Closed Ruy Lopez: Unusual White 6th moves} 11. Nbd2 exd4 (11... d5 12. g4 Bg6 13. Nxe5 Nxe5 14. dxe5 Nxe4 15. Nf3 c6 16. Nd4 c5 17. Nc6 Qc7 18. Bxd5 {1-0 (31) Short,N (2688)-Sardana,R (2386) Abu Dhabi 2017}) 12. cxd4 Na5 {White has an edge.} 13. Bc2 Nd7 (13... c5 $11 {keeps the balance.}) 14. b4 Nc4 15. Nxc4 bxc4 16. g4 Bg6 17. d5 $1 Nf6 $146 18. Qd4 c6 (18... Qd7 $11) 19. dxc6 $16 d5 {[%cal Rf6e4] [#]} 20. Ne5 $1 $36 {[%cal Re5g6][%mdl 2048] White has strong initiative.} Bxe4 21. Bxe4 Nxe4 22. Nd7 Bf6 $2 (22... Rc8 $16) 23. Qxd5 $18 Bxa1 24. Qxe4 (24. Rxa1 Nf6 $16) 24... Re8 25. Qxc4 Be5 26. Nxe5 Rxe5 27. c7 Qe8 28. Rc1 Rc8 29. Qxa6 h5 30. gxh5 Rxe3 $2 {[#]} (30... Rxh5 31. Qc6 Qxc6 32. Rxc6 Kf8) 31. Qxc8 $1 ({Weaker is} 31. fxe3 Qxe3+ 32. Kh2 Qf4+ 33. Kg2 Qe4+ 34. Kg1 Qe3+ 35. Kh2 Qf4+ 36. Kg2 Qe4+ 37. Kg1 Qe3+ $11) 31... Qxc8 32. fxe3 {[%mdl 4096] Endgame KQ-KR} Kh7 33. Rc5 f5 34. b5 f4 35. exf4 g5 36. hxg6+ Kxg6 37. b6 $2 (37. Kf2 $18 Qd7 38. Kg3 (38. c8=Q Qd2+ 39. Kg3 Qe3+ 40. Kh2 Qf2+ {[%mdl 64] Double Attack} 41. Kh1 Qe1+ 42. Kg2 Qe2+ 43. Kg1 Qe1+ 44. Kh2 Qf2+ {[%mdl 64] Double Attack} 45. Kh1 Qe1+ 46. Kg2 Qe2+ 47. Kg1 Qe1+ 48. Kh2 Qf2+ $11 {[%mdl 64] Double Attack})) 37... Qd7 $1 $11 {[%cal Rd7d4] The position is equal.} 38. f5+ Kf6 39. c8=Q Qd1+ 40. Kf2 Qd2+ 41. Kf3 {Threatening mate with Qe6+.} Qd3+ 42. Kf2 {Qh8+ would kill now.} Qd2+ 43. Kf3 {Intending Qe6+ and mate.} Qd3+ {Accuracy: White = 86%, Black = 46%.} 1/2-1/2

[Event "EICC 2019"]
[Site "Skopia"]
[Date "2019.03.26"]
[Round "8.46"]
[White "Pultinevicius, Paulius"]
[Black "Moussard, Jules"]
[Result "1/2-1/2"]
[WhiteElo "2439"]
[BlackElo "2601"]
[Annotator "TA"]
[PlyCount "84"]
[EventDate "2019.03.18"]
[EventType "swiss"]
[EventCountry "MKD"]
[SourceTitle "playchess.com"]
[Source "ChessBase"]
[SourceQuality "1"]

{[%evp 14,84,29,7,33,24,29,23,35,31,34,33,39,30,51,32,41,37,36,35,40,15,27,21,21,27,41,24,125,129,122,108,113,106,118,129,116,113,168,161,168,159,172,172,154,158,170,152,362,360,356,349,366,106,113,59,58,62,62,0,0,0,0,0,0,0,0,0,0,0,0,0,0]} 1. d4 d6 2. e4 Nf6 3. Nc3 g6 4. g3 Bg7 5. Bg2 O-O 6. Nge2 Nbd7 7. O-O e5 8. h3 b6 {B07: Pirc Defence: Miscellaneous Systems} (8... c6 9. Re1 b5 10. a3 Nb6 11. b3 Bb7 12. Bb2 a6 13. Qd2 Re8 14. Rad1 Qc7 15. Qc1 Rad8 16. Qa1 Nfd7 {1-0 (56) Abdusattorov,N (2546)-Bosiocic,M (2599) St Petersburg 2018}) 9. Be3 Bb7 10. d5 Re8 {White has an edge.} 11. Qd2 a5 12. a3 Ba6 $146 ({Predecessor:} 12... a4 13. b3 axb3 14. cxb3 Nc5 15. Rfb1 Qd7 16. b4 Na4 17. Nxa4 Rxa4 {0-1 (50) Movsziszian,K (2494)-Amate Tortosa,B (2246) Villa de Albox 2002}) 13. Rfb1 Qc8 14. b4 Bc4 15. bxa5 Rxa5 16. a4 Ra8 17. Nb5 Nc5 18. Bxc5 dxc5 19. Nec3 Rd8 20. Qe1 c6 (20... Bxb5 $11 21. axb5 Rxa1 22. Rxa1 Ne8) 21. Na3 $1 $16 {[%csl LRb6,LRc4]} cxd5 22. Nxc4 dxc4 23. Rxb6 Ra6 24. a5 {[%cal Ba4a5,Ba5b6,Bb6b7][%mdl 32]} Rxb6 25. axb6 Qc6 (25... Qb7 $16 {might work better.}) 26. Rb1 $18 Rb8 27. Nd5 Nxd5 28. exd5 Qd6 29. b7 f5 30. Bf1 h5 $2 (30... e4 $16 {was necessary.} 31. Bxc4 Bd4) 31. Qa5 ({But not} 31. Bxc4 e4 $18) 31... e4 32. Rb6 ({Don't do} 32. Bxc4 Bd4 $18) 32... Qxd5 {intending ...Kh7.} 33. Rxg6 $2 (33. Qa7 $18 {and the rest is easy.} Qd8 34. Rxg6) 33... Rxb7 $16 34. Qa6 (34. Rg5 $16) 34... e3 $1 $14 35. fxe3 Rb1 $1 36. Qf6 (36. Qc6 $1 $14 Qxc6 37. Rxc6) 36... Rxf1+ $1 $11 {The position is equal.} 37. Kxf1 {[%csl Gg6][%cal Rf6g7][%mdl 4096] [#] Endgame KQR-KQB} Qd1+ 38. Kf2 {[%csl Gg6][%cal Rf6g7]} Qxc2+ 39. Kf1 {[%csl Gg6][%cal Rf6g7]} Qd1+ 40. Kf2 {[%csl Gg6][%cal Rf6g7]} Qc2+ $1 41. Kf1 {[%csl Gg6][%cal Rf6g7] [#]} Qd1+ 42. Kf2 {[%csl Gg6][%cal Rf6g7]} Qc2+ $1 {Accuracy: White = 71%, Black = 54%.} 1/2-1/2